[Event "Politiken Cup 24th"]
[Site "Copenhagen"]
[Date "2002.07.26"]
[Round "11"]
[White "Hansen, Erik Friberg"]
[Black "Drager, Mikael"]
[Result "0-1"]
[WhiteElo "1165"]
[BlackElo "1549"]
[PlyCount "104"]
[EventDate "2002.07.15"]
[EventType "swiss"]
[EventRounds "11"]
[EventCountry "DEN"]
[SourceTitle "CBM 089 Extra"]
[Source "ChessBase"]
[SourceDate "2002.09.10"]
[SourceVersion "2"]
[SourceVersionDate "2002.09.10"]
[SourceQuality "1"]

1. c4 Nf6 2. d4 c5 3. e3 e6 4. Nc3 b6 5. Nf3 d5 6. b3 Bb7 7. Be2 Be7 8. 0-0 0-0 9. Qc2 Nc6 10. a3 cxd4 11. exd4 Rc8 12. Qd1 dxc4 13. bxc4 Re8 14. Bb2 a6 15. Ne5 Nxd4 16. Na2 Nxe2+ 17. Qxe2 Qc7 18. Rac1 Bc5 19. Nc3 Rcd8 20. Kh1 Bd4 21. f4 Bxe5 22. fxe5 Nd7 23. Nd1 Nc5 24. Nc3 Rd3 25. Rcd1 Rxd1 26. Rxd1 Rd8 27. Rxd8+ Qxd8 28. Qd1 Qxd1+ 29. Nxd1 Kf8 30. Kg1 Ke7 31. Nf2 Kd7 32. g3 Bf3 33. h4 Be2 34. Bd4 Bxc4 35. Bxc5 bxc5 36. Ne4 Kc6 37. Nd6 Kd5 38. Nxf7 Bd3 39. Kf2 c4 40. Ke1 c3 41. Kd1 Bg6 42. Ng5 c2+ 43. Kc1 Kxe5 44. Nf3+ Ke4 45. Ng5+ Kd5 46. Nf3 e5 47. Ne1 Kc4 48. Nxc2 Bxc2 49. Kxc2 e4 50. Kd2 Kb3 51. Ke3 Kxa3 52. Kxe4 Kb2 0-1

[Event "Politiken Cup 24th"]
[Site "Copenhagen"]
[Date "2002.07.25"]
[Round "10"]
[White "Skovgaard, Peter Nicolai"]
[Black "Drager, Mikael"]
[Result "1-0"]
[WhiteElo "1679"]
[BlackElo "1549"]
[PlyCount "67"]
[EventDate "2002.07.15"]
[EventType "swiss"]
[EventRounds "11"]
[EventCountry "DEN"]
[SourceTitle "CBM 089 Extra"]
[Source "ChessBase"]
[SourceDate "2002.09.10"]
[SourceVersion "2"]
[SourceVersionDate "2002.09.10"]
[SourceQuality "1"]

1. e4 c5 2. Nc3 Nc6 3. f4 g6 4. Nf3 Bg7 5. Bc4 a6 6. a4 b6 7. d3 Bb7 8. 0-0 Nh6 9. Qe1 e6 10. f5 gxf5 11. Bg5 f6 12. Bd2 fxe4 13. Nxe4 Nf5 14. g4 d5 15. gxf5 dxc4 16. fxe6 Ne5 17. Nxe5 Qd4+ 18. Qf2 Bxe4 19. Qxd4 cxd4 20. dxe4 fxe5 21. Rf7 Rg8 22. Kh1 Bf8 23. Raf1 Be7 24. Rxh7 a5 25. h4 Rc8 26. Bg5 Bc5 27. Rff7 d3 28. cxd3 cxd3 29. Rd7 d2 30. Bxd2 Rg1+ 31. Kh2 Rf1 32. Rdf7 Bg1+ 33. Kg2 Rxf7 34. exf7+ 1-0

[Event "Politiken Cup 24th"]
[Site "Copenhagen"]
[Date "2002.07.23"]
[Round "8"]
[White "Drager, Mikael"]
[Black "Jorgensen, Morten"]
[Result "1-0"]
[WhiteElo "1549"]
[BlackElo "1257"]
[PlyCount "91"]
[EventDate "2002.07.15"]
[EventType "swiss"]
[EventRounds "11"]
[EventCountry "DEN"]
[SourceTitle "CBM 089 Extra"]
[Source "ChessBase"]
[SourceDate "2002.09.10"]
[SourceVersion "2"]
[SourceVersionDate "2002.09.10"]
[SourceQuality "1"]

1. e4 c5 2. Nf3 e6 3. d4 cxd4 4. Nxd4 Nf6 5. Nc3 Bb4 6. Bd2 Qb6 7. Nb3 Nc6 8. f3 Na5 9. Bd3 Nxb3 10. cxb3 a6 11. Qe2 Bc5 12. Na4 Qa7 13. Nxc5 Qxc5 14. Rc1 Qa7 15. Rc7 Qd4 16. Be3 Qb4+ 17. Rc3 d6 18. 0-0 0-0 19. Rfc1 Qa5 20. Bb1 Bd7 21. Qf2 Rfc8 22. Qg3 Ne8 23. e5 Qxe5 24. Qh4 Nf6 25. Bd4 Rxc3 26. Rxc3 Qe2 27. Re3 Qd2 28. Re1 e5 29. Bc3 Qd5 30. h3 b5 31. b4 Rc8 32. a3 Qe6 33. f4 Qc4 34. Rd1 Qe6 35. fxe5 dxe5 36. Qe1 Qb6+ 37. Kh2 Re8 38. Qg3 Bc8 39. Bxe5 h6 40. Rd6 Qb7 41. Bxf6 g6 42. Bxg6 fxg6 43. Qxg6+ Kf8 44. Qxh6+ Kg8 45. Qh8+ Kf7 46. Qg7# 1-0